|
|
|
|
| LEADER |
00000cam a2200000 7i4500 |
| 001 |
0000003555 |
| 005 |
20060621.0 |
| 020 |
0 |
0 |
|a 1853833061
|
| 090 |
0 |
0 |
|a 333.7
|b HOL
|
| 100 |
1 |
0 |
|a Holdgate, M. W. [
|q (Martin Wyatt)]
|
| 245 |
1 |
0 |
|a From care to action :
|b making a sustainable world
|c Martin Holdgate.
|
| 260 |
0 |
0 |
|a London :
|b Earthscan Publications ,
|c 1996.
|
| 300 |
|
|
|a xvii,346p. :
|b ill., maps ;
|c 24cm.
|
| 500 |
0 |
0 |
|a At foot of t.p.: IUCN.
|
| 650 |
0 |
0 |
|a Environment
|a Economics
|
| 650 |
0 |
0 |
|a Environmental economics.
|
| 650 |
0 |
0 |
|a Environmental policy.
|
| 650 |
0 |
0 |
|a Environmental protection.
|
| 710 |
2 |
1 |
|a International Union for Conservation of Nature and Natural Resources
|
| 999 |
|
|
|a 0000006933
|b Monograph
|c Open Shelf
|e Default branch
|